Forfield cities of India (Record no. 410168)

000 -LEADER
fixed length control field 00371cam a22001337a 4500
008 - FIXED-LENGTH DATA ELEMENTS--GENERAL INFORMATION
fixed length control field 180718b1965 xxu||||| |||| 00| 0 eng d
082 ## - DEWEY DECIMAL CLASSIFICATION NUMBER
Classification number N122x54 T668
100 ## - MAIN ENTRY--PERSONAL NAME
Personal name Toy, Sidney
245 ## - TITLE STATEMENT
Title Forfield cities of India
Statement of responsibility, etc. by Sidney Toy
260 ## - PUBLICATION, DISTRIBUTION, ETC.
Place of publication, distribution, etc. Heinemann
Name of publisher, distributor, etc. London
Date of publication, distribution, etc. 1965
300 ## - PHYSICAL DESCRIPTION
Extent xiv, 115p
650 ## - SUBJECT ADDED ENTRY--TOPICAL TERM
Topical term or geographic name entry element Fortification -India.
650 ## - SUBJECT ADDED ENTRY--TOPICAL TERM
Topical term or geographic name entry element Military architecture -India
Holdings
Withdrawn status Lost status Damaged status Not for loan Permanent Location Current Location Date acquired Full call number Barcode Date last seen Price effective from Koha item type
        Indian Institute of Public Administration Indian Institute of Public Administration 2009-01-14 N122x54 T668 DA1462 2018-07-21 2018-07-21 DA

Powered by Koha